Zur Bedeutung von Insulin, Glucagon und Cortisol für die homeostatische Kontrolle des Glucosespiegels im Hungerzustand : eine Modellstudie an Zwergziegen /

Bibliographic Details
Main Author: Krazer, Susann
Format: Thesis Book
Language:German
Published: [Place of publication not identified] : [publisher not identified], 1988.

MARC

Tag First Indicator Second Indicator Subfields
LEADER 00000cam a2200000Ka 4500
001 in00004530284
005 20150930145610.0
008 120312s1988 xx a bm 000 0 ger d
035 |a (OCoLC)ocn779857530 
035 |a (OCoLC)779857530 
035 |z (UtOrBLW)62372 
035 |a 89626 
040 |a IWA  |b eng  |c IWA  |d OCLCQ  |d UtOrBLW 
049 |a TMVM 
100 1 |a Krazer, Susann. 
245 1 0 |a Zur Bedeutung von Insulin, Glucagon und Cortisol für die homeostatische Kontrolle des Glucosespiegels im Hungerzustand :  |b eine Modellstudie an Zwergziegen /  |c von Susann Krazer. 
264 1 |a [Place of publication not identified] :  |b [publisher not identified],  |c 1988. 
300 |a 130 pages :  |b illustrations ;  |c 21 cm 
336 |a text  |b txt  |2 rdacontent 
337 |a unmediated  |b n  |2 rdamedia 
338 |a volume  |b nc  |2 rdacarrier 
502 |b doctoral  |c Ludwig-Maximilians-Universität München  |d 1988. 
500 |a Summary in English. 
504 |a Includes bibliographical references. 
994 |a C0  |b TMV 
999 |a MARS 
999 f f |s 192cf39f-b870-3efb-a64d-373ba6730f70  |i a469951e-9464-35d3-bf19-7711065d33df  |t 0 
952 f f |p preservation  |a Texas A&M University  |b J.J. Pickle Campus  |c High Density Repository  |d Remote Storage  |t 0  |e German dissertations  |h Other scheme  |i unmediated -- volume  |m 323890245188A 
998 f f |a German dissertations  |t 0  |l Remote Storage